| 000 | 00456nam a2200169 a 4500 | ||
|---|---|---|---|
| 020 | _a0133653129 (hb) | ||
| 082 |
_a551.498 _bFRE _cL-36, P-131. : |
||
| 100 | 1 |
_aFreeze, R. Allan _92267 |
|
| 245 | 1 | _aGroundwater | |
| 260 |
_aLondon: _bPrintice Hall , _c1979 |
||
| 300 | _a604p. | ||
| 526 |
_a0 _b0 _c0 _d551_498000000000000_FRE |
||
| 650 |
_aMCE _9379 |
||
| 650 |
_aNater, Under Ground _940251 |
||
| 700 |
_aCherry, John A. (Jt.) _940252 |
||
| 942 |
_2ddc _cBK |
||
| 999 |
_c544587 _d544587 |
||